Řízení lidských zdrojů základy moderní personalistiky

Salvato in:
Dettagli Bibliografici
Autore principale: Koubek, Josef
Natura: Libro
Lingua:ceco
Pubblicazione: Praha Management Press 2007
Edizione:4. rozšířené a doplněné vydání
Soggetti:
Tags: Aggiungi Tag
Nessun Tag, puoi essere il primo ad aggiungerne!!

MARC

LEADER 00000nam a2200000 4500
001 0122012
005 20240226134311.4
020 |a 978-80-7261-168-3 
041 0 |a cze 
044 |a CZ 
245 1 0 |a Řízení lidských zdrojů  |b základy moderní personalistiky  |c Josef Koubek 
250 |a 4. rozšířené a doplněné vydání 
264 1 |a Praha  |b Management Press  |c 2007 
300 |a 399 s. 
610 2 0 |a riadenie ľudských zdrojov 
610 2 0 |a personalistika 
610 2 0 |a práca personálna 
610 2 0 |a miesta pracovné 
610 2 0 |a analýzy 
610 2 0 |a plánovanie personálne 
610 2 0 |a pracovníci 
610 2 0 |a nábor pracovníkov 
610 2 0 |a hodnotenie pracovníkov 
610 2 0 |a vzdelávanie 
610 2 0 |a odmeňovanie 
610 2 0 |a systémy informačné 
100 1 |a Koubek, Josef